| 000 | 00577nam a22002057a 4500 | ||
|---|---|---|---|
| 001 | 00028671 | ||
| 005 | 20260330112816.0 | ||
| 008 | 260330b ag ||||| |||| 00| 0 spa d | ||
| 020 | _a9789504943259 | ||
| 040 |
_bspa _cAR-CcCEOS |
||
| 080 | _a918(82) | ||
| 090 | _bLUN | ||
| 100 | 1 |
_aLuna, Félix _9141 |
|
| 245 |
_aHistoria Argentina 12 : Consensos y conflictos de la reunificación nacional (1862/1868) / _cFelix Luna |
||
| 250 | _a1ª ed. | ||
| 260 |
_aBuenos Aires : _bPlaneta, _cc2014. |
||
| 300 |
_a96 p. ; _c25x20 cm. |
||
| 650 | 0 | _ahistoria | |
| 942 |
_2udc _cBK |
||
| 999 |
_c28704 _d28704 |
||
| 945 |
_c66467 _dMelina Rolando |
||